Countries with a Monarchy - Sudden Death - Statistics

General Stats
  • This quiz has been taken 909 times
    775 since last reset
  • The average score is 11 of 18
Answers on the Grid
Answers color-coded by a green-red scale on the quiz's grid according to % correct below.
Tonga
Ireland
Saudi Arabia
Luxembourg
United Kingdom
Algeria
Bhutan
Germany
Russia
Oman
Greece
United Arab Emirates
Bulgaria
Belgium
Romania
Botswana
Spain
Norway
France
Vietnam
Netherlands
Andorra
Sri Lanka
Monaco
Maldives
Malaysia
Jordan
Eswatini
Thailand
Italy
Portugal
Qatar
 
Answer Stats
Answer % Correct
United Kingdom
91%
Saudi Arabia
80%
Spain
74%
Luxembourg
72%
Netherlands
71%
Norway
70%
Monaco
69%
United Arab Emirates
69%
Qatar
63%
Thailand
63%
Belgium
62%
Jordan
60%
Bhutan
58%
Oman
58%
Andorra
51%
Tonga
47%
Eswatini
45%
Malaysia
39%
No matching quizzes found
Score Distribution
Percent of People with Each Score
Percentile by Number Answered
Your Score History
You have not taken this quiz since the last reset